00405nam a22001337a 450000500170000000800410001704100120005808200130007010000130008324500390009626000860013530000250022165000250024620240819100225.0240819b |||||||| |||| 00| 0 eng d aEnglish a349 LAW  lEnglish  aThe Law Reports: Probate Division  aLondon: bThe Incorporated Council of Law Reporting for England and Wales, c1959 b124 pages; c25 cm.  aLegal practice bLaw